All Kentucky Cities on a Map - Statistics

General Stats
  • This quiz has been taken 30 times
  • The average score is 37 of 550
Answers on the Map
Answers color-coded by a green-red scale on the quiz's map according to % correct below.
 
Answer Stats
City Population % Correct
Louisville 640,796
92%
Lexington 329,437
88%
Frankfort 28,610
79%
Owensboro 60,675
71%
Bowling Green 79,076
67%
Covington 41,611
63%
Paducah 26,712
63%
Elizabethtown 34,565
50%
Ashland 21,066
46%
Florence 33,763
46%
Newport 13,792
46%
Richmond 39,581
46%
Georgetown 40,518
42%
Nicholasville 33,458
42%
Paris 10,185
42%
Somerset 12,389
42%
Hopkinsville 30,800
38%
Mount Washington 18,863
38%
Pikeville 7,366
38%
Corbin 7,891
33%
London 7,573
33%
Versailles 10,656
33%
Berea 16,436
29%
Danville 17,562
29%
Fort Thomas 16,914
29%
Jeff 239
29%
Madisonville 19,502
29%
Maysville 8,711
29%
Morehead 6,789
29%
Mount Sterling 7,588
29%
Radcliff 22,706
29%
Russell 3,638
29%
Glasgow 15,388
25%
Harlan 1,831
25%
Henderson 27,750
25%
Independence 30,196
25%
Jackson 2,101
25%
Lawrenceburg 12,189
25%
Murray 18,567
25%
Paintsville 4,129
25%
Shelbyville 18,048
25%
Winchester 19,413
25%
Barbourville 3,081
21%
Campbellsville 11,820
21%
Central City 5,744
21%
Cynthiana 6,557
21%
Harrodsburg 9,491
21%
Hazard 4,808
21%
Jeffersontown 29,388
21%
Lancaster 4,083
21%
Mayfield 9,805
21%
Prestonsburg 3,638
21%
Shively 15,850
21%
Sparta 231
21%
St. Matthews 17,806
21%
Taylorsville 1,317
21%
Union 7,874
21%
Williamstown 3,971
21%
Bardstown 14,104
17%
Beattyville 2,125
17%
Carrollton 3,955
17%
Columbia 4,685
17%
Erlanger 20,172
17%
Fort Knox 8,715
17%
Hebron 6,637
17%
Highland Heights 6,292
17%
Jeffersonville 1,772
17%
La Grange 10,541
17%
Louisa 2,509
17%
Midway 1,780
17%
Monticello 5,726
17%
Mount Vernon 2,458
17%
Owenton 1,682
17%
Russell Springs 2,807
17%
Russellville 7,431
17%
Shepherdsville 14,837
17%
Simpsonville 3,119
17%
Stanford 3,702
17%
Stanton 3,171
17%
West Liberty 3,257
17%
Williamsburg 5,332
17%
Wilmore 6,268
17%
Albany 1,744
13%
Brandenburg 2,974
13%
Burlington 18,090
13%
Carlisle 2,151
13%
Catlettsburg 1,725
13%
Cave City 2,394
13%
Cloverport 1,144
13%
Edmonton 1,705
13%
Flemingsburg 3,003
13%
Fulton 2,268
13%
Grayson 3,702
13%
Greensburg 2,245
13%
Greenup 1,079
13%
Greenville 4,353
13%
Hickman 2,282
13%
Hodgenville 3,379
13%
Indian Hills 2,934
13%
Lebanon 6,558
13%
Leitchfield 6,895
13%
Middletown 9,908
13%
Oak Grove 7,973
13%
Perryville 803
13%
Scottsville 4,574
13%
Springfield 2,970
13%
Alexandria 10,819
8%
Anchorage 2,538
8%
Augusta 1,101
8%
Beaver Dam 3,535
8%
Bellevue 5,738
8%
Bloomfield 994
8%
Bonnieville 276
8%
Booneville 158
8%
Brooks 2,246
8%
Buckner 3,786
8%
Cadiz 2,741
8%
Campton 303
8%
Clay 1,005
8%
Clinton 1,180
8%
Cold Spring 6,499
8%
Columbus 146
8%
Concord 18
8%
Crestwood 6,493
8%
Dayton 5,854
8%
Drakesboro 473
8%
Dry Ridge 2,207
8%
Eddyville 2,332
8%
Falmouth 2,206
8%
Flatwoods 7,250
8%
Franklin 10,524
8%
Hardin 584
8%
Hardinsburg 2,487
8%
Hawesville 1,012
8%
Hindman 646
8%
Hollyvilla 526
8%
Horse Cave 2,270
8%
Hustonville 396
8%
Inez 511
8%
Irvine 2,287
8%
Jamestown 1,884
8%
Junction City 2,329
8%
Lebanon Junction 1,818
8%
Liberty 2,000
8%
Lyndon 11,221
8%
Martin 478
8%
Mount Olivet 371
8%
Muldraugh 1,016
8%
Munfordville 1,721
8%
Owingsville 1,589
8%
Pewee Valley 1,659
8%
Phelps 387
8%
Princeton 6,223
8%
Prospect 4,696
8%
Providence 2,856
8%
Sadieville 343
8%
Salyersville 1,499
8%
Seneca Gardens 678
8%
Sharpsburg 366
8%
Stamping Ground 835
8%
Strathmoor Manor 353
8%
Utica 55
8%
Vanceburg 1,385
8%
Virgie 412
8%
West Buechel 1,393
8%
West Point 909
8%
Whitesburg 1,625
8%
Wickliffe 652
8%
Annville 1,175
4%
Auburn 1,674
4%
Audubon Park 1,449
4%
Bedford 533
4%
Beechmont 940
4%
Belfry 150
4%
Bellefonte 883
4%
Benton 4,726
4%
Berry 261
4%
Betsy Layne 573
4%
Big Clifty 302
4%
Blackey 108
4%
Bremen 171
4%
Brooksville 663
4%
Brownsville 894
4%
Buffalo 533
4%
Burkesville 1,386
4%
Burnside 718
4%
Butler 639
4%
Calhoun 719
4%
California 85
4%
Campbellsburg 865
4%
Caneyville 536
4%
Cannonsburg 1,426
4%
Cecilia 499
4%
Clarkson 967
4%
Clay City 1,176
4%
Cleaton 59
4%
Corinth 231
4%
Corydon 722
4%
Crittenden 4,125
4%
Crofton 640
4%
Cumberland 1,788
4%
Doe Valley 1,719
4%
Dunmor 230
4%
Earlington 1,257
4%
Ekron 169
4%
Elizaville 102
4%
Elkhorn City 978
4%
Elkton 2,330
4%
Eminence 2,787
4%
Emlyn 527
4%
Evarts 601
4%
Ewing 232
4%
Fort Campbell North 11,483
4%
Fort Mitchell 8,766
4%
Fort Wright 6,096
4%
Germantown 143
4%
Goshen 933
4%
Grand Rivers 345
4%
Hartford 2,652
4%
Heritage Creek 1,241
4%
Hillview 8,962
4%
Hollow Creek 812
4%
Hurstbourne 4,777
4%
Hurstbourne Acres 2,005
4%
Hyden 279
4%
Irvington 1,383
4%
Jenkins 1,757
4%
Keene 106
4%
Kingsley 400
4%
LaFayette 173
4%
Lewisburg 776
4%
Lewisport 1,743
4%
Livingston 165
4%
Ludlow 4,390
4%
Lynch 601
4%
Mackville 208
4%
Magnolia 637
4%
Manchester 1,433
4%
McCarr 260
4%
McDowell 549
4%
McKee 831
4%
Middlesborough 8,899
4%
Millersburg 746
4%
Mockingbird Valley 184
4%
New Castle 907
4%
New Haven 829
4%
North Corbin 2,092
4%
North Middletown 608
4%
Oakland 196
4%
Olive Hill 1,533
4%
Parkway Village 624
4%
Pembroke 887
4%
Philpot 1,098
4%
Pine Knot 1,358
4%
Pineville 1,566
4%
Pioneer Village 2,764
4%
Powderly 787
4%
Prestonville 181
4%
Rabbit Hash 127
4%
Raywick 154
4%
Rineyville 2,869
4%
River Bluff 458
4%
Rockholds 192
4%
Sacramento 424
4%
Salem 706
4%
Salt Lick 248
4%
Salvisa 151
4%
Science Hill 660
4%
Sonora 566
4%
South Carrollton 138
4%
Spring Mill 298
4%
Upton 703
4%
Verona 1,196
4%
Villa Hills 7,763
4%
Vine Grove 6,933
4%
Walton 5,803
4%
Warsaw 1,758
4%
Watterson Park 1,027
4%
Wellington 573
4%
West Louisville 39
4%
Westwood 5,064
4%
Wheelwright 1,051
4%
Whitley City 782
4%
Adairville 881
0%
Ages 302
0%
Allen 167
0%
Allensville 199
0%
Anthoston 242
0%
Arjay 19
0%
Arlington 258
0%
Artemus 587
0%
Auxier 795
0%
Bancroft 514
0%
Bandana 215
0%
Barbourmeade 1,237
0%
Bardwell 710
0%
Barlow 636
0%
Beech Grove 180
0%
Beechwood Village 1,293
0%
Bellemeade 923
0%
Belleview 234
0%
Bellewood 346
0%
Benham 466
0%
Blaine 66
0%
Blandville 70
0%
Blue Ridge Manor 808
0%
Boston 154
0%
Bradfordsville 273
0%
Breckinridge Center 1,592
0%
Briarwood 454
0%
Brodhead 1,112
0%
Broeck Pointe 250
0%
Bromley 727
0%
Brownsboro Farm 651
0%
Brownsboro Village 313
0%
Buckhorn 81
0%
Burgin 1,017
0%
Burna 98
0%
Calvert City 2,517
0%
Camargo 1,048
0%
Cambridge 164
0%
Carrsville 44
0%
Cawood 499
0%
Cayce 74
0%
Centertown 418
0%
Cerulean 409
0%
Chaplin 583
0%
Claryville 3,306
0%
Coal Run Village 1,596
0%
Coldiron 247
0%
Coldstream 1,322
0%
Combs 37
0%
Coxton 212
0%
Crab Orchard 757
0%
Crayne 106
0%
Creekside 310
0%
Crescent Springs 4,707
0%
Crestview 465
0%
Crestview Hills 3,338
0%
Crossgate 225
0%
Cunningham 276
0%
Curdsville 100
0%
Dawson Springs 2,254
0%
Dexter 133
0%
Diablock 452
0%
Dixon 919
0%
Douglass Hills 5,558
0%
Dover 222
0%
Druid Hills 302
0%
Dwale 153
0%
East Bernstadt 673
0%
Edgewood 8,526
0%
Elk Creek 2,344
0%
Elsmere 9,337
0%
Eubank 331
0%
Ezel 327
0%
Fairfield 135
0%
Fairview 349
0%
Fancy Farm 323
0%
Farley 4,402
0%
Farmers 137
0%
Farmington 205
0%
Ferguson 864
0%
Fincastle 862
0%
Flat Lick 711
0%
Fleming-Neon 545
0%
Fordsville 450
0%
Forest Hills 444
0%
Fountain Run 219
0%
Fox Chase 453
0%
Francisville 10,313
0%
Fredonia 373
0%
Freeburn 146
0%
Frenchburg 617
0%
Gamaliel 467
0%
Garrison 748
0%
Ghent 369
0%
Gilbertsville 405
0%
Glencoe 352
0%
Glenview 604
0%
Glenview Hills 381
0%
Glenview Manor 209
0%
Goose Creek 304
0%
Gracey 53
0%
Gratz 66
0%
Graymoor-Devondale 2,810
0%
Green Spring 726
0%
Guthrie 1,362
0%
Hanson 723
0%
Hardyville 104
0%
Hazel 402
0%
Hazel Green 39
0%
Hebron Estates 1,051
0%
Hendron 4,840
0%
Hickory 53
0%
Hickory Hill 119
0%
High Bridge 65
0%
Hills and Dales 145
0%
Hiseville 86
0%
Houston Acres 503
0%
Hunters Hollow 334
0%
Ironville 454
0%
Island 446
0%
Kenton Vale 104
0%
Kenvir 550
0%
Kevil 573
0%
Knottsville 206
0%
Kuttawa 674
0%
La Center 861
0%
Lakeside Park 2,852
0%
Lakeview Heights 274
0%
Langdon Place 889
0%
Ledbetter 1,630
0%
Lincolnshire 140
0%
Livermore 1,204
0%
Loretto 710
0%
Lovelaceville 12
0%
Lowes 126
0%
Loyall 593
0%
Lynnview 959
0%
Maceo 533
0%
Manitou 163
0%
Manor Creek 244
0%
Marion 2,876
0%
Marrowbone 56
0%
Maryhill Estates 181
0%
Masonville 2,634
0%
Massac 4,937
0%
Mayking 645
0%
Mays Lick 97
0%
Maytown 14
0%
McHenry 382
0%
McKinney 33
0%
McRoberts 303
0%
Meadowbrook Farm 117
0%
Meadow Vale 736
0%
Meadowview Estates 437
0%
Melbourne 472
0%
Mentor 227
0%
Millstone 617
0%
Milton 592
0%
Monterey 110
0%
Moorland 441
0%
Morganfield 3,131
0%
Morgantown 2,510
0%
Mortons Gap 724
0%
Moseleyville 303
0%
Murray Hill 579
0%
Nebo 211
0%
New Hope 39
0%
Norbourne Estates 442
0%
Northfield 1,014
0%
Nortonville 986
0%
Norwood 384
0%
Oakbrook 9,459
0%
Old Brownsboro Place 380
0%
Oneida 158
0%
Onton 113
0%
Orchard Grass Hills 1,610
0%
Park City 621
0%
Park Hills 3,191
0%
Pathfork 606
0%
Payne Gap 217
0%
Petersburg 532
0%
Pippa Passes 583
0%
Plano 1,293
0%
Plantation 837
0%
Pleasant Ridge 729
0%
Pleasant View 281
0%
Pleasureville 799
0%
Plum Springs 549
0%
Poole 163
0%
Poplar Hills 387
0%
Pryorsburg 199
0%
Raceland 2,301
0%
Ravenna 555
0%
Reidland 4,887
0%
Richlawn 421
0%
Riverwood 499
0%
Robards 445
0%
Rochester 113
0%
Rockport 265
0%
Rolling Fields 731
0%
Rolling Hills 947
0%
Rosine 95
0%
Ryland Heights 950
0%
Sanders 206
0%
Sandy Hook 628
0%
Sardis 62
0%
Sebree 1,530
0%
Sedalia 136
0%
Silver Grove 1,211
0%
Slaughters 187
0%
Smithfield 126
0%
Smithland 237
0%
Smiths Grove 829
0%
Sorgho 2,928
0%
Southgate 3,802
0%
South Shore 1,042
0%
South Wallins 948
0%
South Williamson 301
0%
Spottsville 130
0%
Spring Valley 687
0%
Stanley 441
0%
St. Charles 282
0%
Stearns 1,509
0%
St. Joseph 192
0%
St. Mary 140
0%
Strathmoor Village 690
0%
St. Regis Park 1,459
0%
Sturgis 1,655
0%
Summer Shade 295
0%
Summersville 360
0%
Sycamore 171
0%
Symsonia 386
0%
Taylor Mill 7,116
0%
Ten Broeck 96
0%
Thornhill 187
0%
Thruston 2,675
0%
Tolu 35
0%
Tompkinsville 2,239
0%
Trenton 334
0%
Uniontown 893
0%
Van Lear 520
0%
Vicco 306
0%
Wallins Creek 221
0%
Warfield 240
0%
Water Valley 112
0%
Waverly 302
0%
Wayland 359
0%
Westport 243
0%
West Van Lear 1,224
0%
Wheatcroft 103
0%
White Plains 847
0%
Whitesville 584
0%
Wilder 3,091
0%
Wildwood 284
0%
Willisburg 299
0%
Windy Hills 2,471
0%
Wingo 583
0%
Woodburn 331
0%
Woodbury 77
0%
Woodland Hills 740
0%
Woodlawn 226
0%
Woodlawn Park 958
0%
Worthington 1,452
0%
Worthington Hills 1,598
0%
Worthville 178
0%
Wurtland 971
0%
Yelvington 511
0%
No matching quizzes found
Score Distribution
Percent of People with Each Score
Percentile by Number Answered
Your Score History
You have not taken this quiz